000 00834nmm a2200241 a 4500
001 ocm000701733
003 TR-IsHL
005 20201028140952.0
008 131219s1991 tu tur
007 cr cn
035 _a701733
_b(N$T)
050 0 4 _aHD2341
_b.K83 1991
090 0 4 _aHD2341
_b.K83 1991
245 1 0 _aKüçük ve orta ölçekli sanayi isletmelerinin sorunları: uluslararası sempozyum, 17 Mayıs 1991
_h[electronic resource]
260 _aİstanbul :
_bİstanbul Ticaret Odası,
_c1991
300 _a240 p.
650 4 _aEkonomi ve Finans
650 4 _aEconomics and Finance
650 0 _aKüçük işletmeler
650 0 _aSmall business
650 7 _aBUSINESS & ECONOMICS / Small Business
_2bisacsh
856 4 0 _uhttp://search.ebscohost.com/login.aspx?direct=true&scope=site&db=e011xww&AN=701733
999 _c7567
_d7567